Southville International School and Colleges
Your cart is empty.
  • Cart
  • Lists
    Public lists Eva Luna New books Lux_list list_1
    Your lists Log in to create your own lists
  • Log in to your account
  • Your cookies
  • Search history
Southville International School and Colleges
  • Advanced search
  • Recent comments
  • Most popular
  • Libraries

Log in to your account

Log in with GOOGLE


If you do not have an external account, but do have a local account, you can still log in:

  1. Home
  2. MARC view: Quattro Pro :
Normal view MARC view ISBD view

Quattro Pro : (Record no. 39242)

[ view plain ]
MARC details
000 -LEADER
fixed length control field 00496nam a2200181 a 4500
005 - DATE AND TIME OF LATEST TRANSACTION
control field 20140311163003.0
008 - FIXED-LENGTH DATA ELEMENTS--GENERAL INFORMATION
fixed length control field 970101s19uu xx 00 eng d
050 ## - LIBRARY OF CONGRESS CALL NUMBER
Classification number HF 5548.4
Item number .Q2 1991
245 ## - TITLE STATEMENT
Title Quattro Pro :
Remainder of title spreadsheet. /
250 ## - EDITION STATEMENT
Edition statement Special edition
260 ## - PUBLICATION, DISTRIBUTION, ETC. (IMPRINT)
Place of publication, distribution, etc Calif :
Name of publisher, distributor, etc Borland int'l,
Date of publication, distribution, etc 1991.
300 ## - PHYSICAL DESCRIPTION
Extent 551 p. :
Other physical details ill. ;
Dimensions 23 cm .
521 ## - TARGET AUDIENCE NOTE
Target audience note
650 ## - SUBJECT ADDED ENTRY--TOPICAL TERM
Topical term or geographic name as entry element Business
General subdivision Software
650 ## - SUBJECT ADDED ENTRY--TOPICAL TERM
Topical term or geographic name as entry element electronic spreadsheets
General subdivision Software
942 ## - ADDED ENTRY ELEMENTS (KOHA)
Koha item type Books
Source of classification or shelving scheme Library of Congress Classification
Call number prefix Foreign
Holdings
Withdrawn status Lost status Source of classification or shelving scheme Damaged status Home library Current library Shelving location Date acquired Total Checkouts Full call number Barcode Date last seen Copy number Price effective from Koha item type
    Library of Congress Classification   College Library College Library General Circulation Section 04/25/2003   HF 5548.4 .Qu2 1991 C1101 05/15/2018 1 10/10/2013 Books

Quattro Pro :

APA

(1991). Quattro Pro. Calif: Borland int'l.

Chicago

1991. Quattro Pro. Calif: Borland int'l.

Harvard

(1991). Quattro Pro. Calif: Borland int'l.

MLA

Quattro Pro. Calif: Borland int'l. 1991.

  • Place hold
  • Print
  • Cite
  • Add to your cart (remove)
  • Save record
    BIBTEX Dublin Core MARCXML MARC (non-Unicode/MARC-8) MARC (Unicode/UTF-8) MARC (Unicode/UTF-8, Standard) MODS (XML) RIS
  • More searches
    Search for this title in:
    Other Libraries (WorldCat) Other Databases (Google Scholar) Online Stores (Bookfinder.com) Open Library (openlibrary.org)

Exporting to Dublin Core...

SOUTHVILLE LIBRARY

Southville International School and Colleges Library

1281 Tropical Ave. Cor. Luxembourg St., BF Homes International, Las Pinas City

Tel. No. 8256374 / 252358 Loc. 117/146

Powered by Koha